000 00843nam a2200217 i 4500
001 156790
003 ES-MaACL
005 20231227062553.0
008 931025s1892 sp |||| | spa d
100 1 _aLabra, Rafael M. de,
_d1840-1918
_969273
245 1 3 _aLa autonomía colonial en España
_b: discursos /
_cde Rafael M. de Labra.
260 _aMadrid :
_b[s.n.],
_c1892 (
_fImp. de los Sucesores de Cuesta)
300 _aLII, 314 p. ;
_c19 cm.
530 _aDisponible en formato digital.
650 4 _aPartidos políticos-
_zEspaña-
_yS.XIX.
_9138923
650 4 _aPartidos políticos-
_zCuba.
_9164315
650 4 _aPartidos políticos-
_zPuerto Rico.
_9168639
852 _aES-MaACL
_jF-11469
_z- Enc. pasta
856 _uhttp://bdh-rd.bne.es/viewer.vm?id=0000090539&page=1
_zBiblioteca Digital Hispánica
999 _c156790
_d156790